Czy po zdaniu zgadniesz co to za język? - Statystyki

Ogólne statystyki
  • Ten quiz został rozwiązany 155 razy
  • Średni wynik to 8 z 24
Statystyki odpowiedzi
Hint Odpowiedź % Poprawnych
Moje ulubione jedzenie to ziemniaki. Polski
98%
My favorite food is potatoes. Angielski
77%
Mi comida favorita son las papas. Hiszpański
62%
Il mio cibo preferito sono le patate. Włoski
54%
Wǒ zuì xǐhuān de shíwù shì tǔdòu. Chiński Tradycyjny (Mandaryński)
50%
Ma nourriture préférée est la pomme de terre. Francuski
49%
Moya lyubimaya yeda - kartoshka. Rosyjski
46%
Món ăn yêu thích của tôi là khoai tây. Wietnamski
42%
En sevdiğim yemek patatestir. Turecki
31%
Lempiruokani on peruna. Fiński
29%
Sukinatabemono wa jagaimodesu. Japoński
25%
Ushqimi im i preferuar është patatet. Albański
23%
Mia plej ŝatata manĝaĵo estas terpomoj. Esperanto
23%
Minu lemmiktoit on kartul. Estoński
23%
Kedvenc ételem a burgonya. Węgierski
23%
Chemi saq’vareli sach’melia k’art’opili. Gruziński
21%
Uppáhaldsmaturinn minn er kartöflur. Islandzki
21%
To agapiméno mou fagitó eínai oi patátes. Grecki
19%
Aswan munasqay mikhuyqa papa. Keczua
17%
Taeami almufadal hu albatatisi. Arabski
15%
Makanan favorit saya adalah kentang. Indonezyjski
15%
Mano mėgstamiausias maistas yra bulvės. Litewski
15%
Chakula ninachopenda zaidi ni viazi. Suahili
11%
Mera pasandeeda khaana aaloo hai. Hindi
10%
Nie znaleziono quizów pasujących do podanych kryteriów
Rozkład punktacji
Procent ludzi z każdym wynikiem
Percentyl według liczby udzielonych odpowiedzi
Twoja historia wyników
Nie rozwiązałeś tego quizu